El delirio paranoide y la razon vital / (Record no. 150622)
[ view plain ]
| 000 -LEADER | |
|---|---|
| campo de control de longitud fija | 00747nam a2200205 i 4500 |
| 001 - NÚMERO DE CONTROL | |
| campo de control | 150622 |
| 003 - IDENTIFICADOR DE NÚMERO DE CONTROL | |
| campo de control | ES-MaACL |
| 005 - FECHA Y HORA DE LA ÚLTIMA TRANSACCIÓN | |
| campo de control | 20230906203614.0 |
| 007 - CAMPO FIJO DE DESCRIPCIÓN FÍSICA--INFORMACIÓN GENERAL | |
| campo de control de longitud fija | t| |
| 008 - DATOS DE LONGITUD FIJA--INFORMACIÓN GENERAL | |
| campo de control de longitud fija | 071031s1960 sp |||| | spa d |
| 100 1# - ENTRADA PRINCIPAL--NOMBRE DE PERSONA | |
| Nombre de persona | Valenciano Gaya, Luis. |
| 9 (RLIN) | 186872 |
| 245 13 - MENCIÓN DEL TÍTULO | |
| Título | El delirio paranoide y la razon vital / |
| Mención de responsabilidad, etc. | discurso de ingreso del... Sr. D. Luis Balenciano Gayá ; contestación del... Sr. D. Profesor D. Roman Alberca y Lorente. |
| 260 ## - PUBLICACIÓN, DISTRIBUCIÓN, ETC. | |
| Lugar de publicación, distribución, etc. | Murcia : |
| Nombre del editor, distribuidor, etc. | Real Academia de Medicina y Cirugía de Murcia, |
| Fecha de publicación, distribución, etc. | 1960. |
| 300 ## - DESCRIPCIÓN FÍSICA | |
| Extensión | 62 p. ; |
| Dimensiones | 25 cm. |
| 650 14 - PUNTO DE ACCESO ADICIONAL DE MATERIA--TÉRMINO DE MATERIA | |
| Término de materia o nombre geográfico como elemento de entrada | Delirio. |
| 9 (RLIN) | 11557 |
| 700 1# - ENTRADA AGREGADA--NOMBRE PERSONAL | |
| Nombre de persona | Alberca Lorente, Román. |
| 9 (RLIN) | 19266 |
| 710 2# - ENTRADA AGREGADA--NOMBRE DE ENTIDAD CORPORATIVA | |
| Nombre de entidad corporativa o nombre de jurisdicción como elemento de entrada | Real Academia de Medicina y Cirugía de Murcia. |
| 9 (RLIN) | 6328 |
| 852 ## - LOCALIZACIÓN | |
| Ubicación | ES-MaACL |
| Número de control de estantería | A-3949 |
| Estatus retirado | Estado de pérdida | Estado de daño | No para préstamo | Biblioteca de origen | Biblioteca actual | Ubicación en estantería | Fecha de adquisición | Fuente de adquisición | Total de préstamos | Signatura topográfica completa | Código de barras | Visto por última vez | Precio de reemplazo | Tipo de ítem Koha |
|---|---|---|---|---|---|---|---|---|---|---|---|---|---|---|
| Biblioteca del Ateneo de Madrid | Biblioteca del Ateneo de Madrid | Sala Pecera Planta 1 | 17/01/2008 | A-3949 | 1157168 | 23/02/2023 | 23/02/2023 | Libro impreso |
